000 00399nam a2200169Ia 4500
005 20250325045707.0
008 240331s9999 xx 000 0 und d
020 _a0708830625
082 _a302.234
_bNOR
_21379
100 _aNorman, B
245 4 _aThe Film Greats
260 _aLondon,
_bFutura Publications
_c1985
300 _aviii, 252 p.,
650 _aCinema
650 _aMedia
942 _cL
999 _c1173
_d1173